Gaming Quiz

Random Gaming or Video Games Quiz

1995 Video Games Quiz Stats

 Plays Quiz not verified by Sporcle

Score 0/40 Timer 10:00
0 Plays Today
% Correct
Earthworm Jim 2 (1995)
77.9%
Super Mario World 2: Yoshi's Island (1995)
73.5%
Twisted Metal (1995)
70.6%
Rayman (1995)
70.6%
Mortal Kombat 3 (1995)
69.1%
Donkey Kong Country 2: Diddy's Kong Quest (1995)
69.1%
Chrono Trigger (1995)
67.6%
Mega Man X3 (1995)
66.2%
Tekken 2 (1995)
57.4%
Warcraft II: Tides of Darkness (1995)
55.9%
NHL 96 (1995)
55.9%
Worms (1995)
54.4%
Command & Conquer (1995)
45.6%
Panzer Dragoon (1995)
42.6%
Full Throttle (1995)
41.2%
Dragon Quest VI: Realms of Revelation (1995)
41.2%
Street Fighter Alpha: Warriors' Dreams (1995)
36.8%
Comix Zone (1995)
36.8%
Ristar (1995)
35.3%
Final Fight 3 (1995)
33.8%
% Correct
Phantasmagoria (1995)
32.4%
Star Wars: Dark Forces (1995)
30.9%
Suikoden (1995)
29.4%
Discworld (1995)
26.5%
MechWarrior 2: 31st Century Combat (1995)
23.5%
Secret of Evermore (1995)
22.1%
I Have No Mouth, and I Must Scream (1995)
22.1%
Tales of Phantasia (1995)
22.1%
Clock Tower (1995)
22.1%
Destruction Derby (1995)
19.1%
Front Mission (1995)
16.2%
Battle Arena Toshinden (1995)
14.7%
Terranigma (1995)
14.7%
Stonekeep (1995)
11.8%
The Dig (1995)
10.3%
Hexen: Beyond Heretic (1995)
8.8%
Thunder in Paradise (1995)
8.8%
The Beast Within: A Gabriel Knight Mystery (1995)
7.4%
BioForge (1995)
7.4%
Heroes of Might and Magic: A Strategic Quest (1995)
5.9%

You're not logged in!

Compare scores with friends on all Sporcle quizzes.
OR
Log In

Sporcle TV

Today on Sporcle TV


Watch our educational content, quiz creation guides, and fun videos on Sporcle TV.

Show Comments

Extras

Top Quizzes Today


Score Distribution

Your Account Isn't Verified!

In order to create a playlist on Sporcle, you need to verify the email address you used during registration. Go to your Sporcle Settings to finish the process.

Report this User

Report this user for behavior that violates our Community Guidelines.

Details: